000 00481nam a22001577a 4500
999 _c133
_d133
008 150330b xxu||||| |||| 00| 0 eng d
020 _a9966285741
050 _aHF 1008 .S25 2001
100 _aSaleemi,N.A.
245 _aBusiness Studies Simplified /
_cN.A. Saleemi.
250 _a2nd ed.
260 _aNairobi:
_bSaleemi Publications Ltd. ,
_c2010.
300 _a447p.:
650 _aBusiness.
942 _2lcc
_cSH_L_BOOKS
_0205